Environmental impact assessment and strategic environmental assessment toward an integrated approach (Record no. 8717)
[ view plain ]
| 000 -LEADER | |
|---|---|
| fixed length control field | 00353nam a22001217a 4500 |
| 040 ## - CATALOGING SOURCE | |
| Transcribing agency | HS |
| 082 ## - DEWEY DECIMAL CLASSIFICATION NUMBER | |
| Classification number | 333 |
| 100 ## - MAIN ENTRY--AUTHOR NAME | |
| Personal name | HUSSEIN ABAZA |
| 245 ## - TITLE STATEMENT | |
| Title | Environmental impact assessment and strategic environmental assessment toward an integrated approach |
| 260 ## - PUBLICATION, DISTRIBUTION, ETC. (IMPRINT) | |
| Place of publication | united nations environment programe |
| Name of publisher | HUSSEIN ABAZA |
| Year of publication | 2004 |
| 300 ## - PHYSICAL DESCRIPTION | |
| Number of Pages | 147p. |
| 942 ## - ADDED ENTRY ELEMENTS (KOHA) | |
| Koha item type | សៀវភៅភាសាអង់គ្លេស |
| 952 ## - LOCATION AND ITEM INFORMATION (KOHA) | |
| Withdrawn status [LOCAL, KOHA] | 0 |
| Permanent Location | Date acquired | Koha item type | Lost status | Shelving location | Barcode | Current Location | Full call number |
|---|---|---|---|---|---|---|---|
| Library Block C | 2016-08-10 | សៀវភៅភាសាអង់គ្លេស | C066 | RUA045943 | Library Block C | 333 HUS 2004 C066 |